Doğumunun 80. yılı münasebetiyle Prof. Dr. İristay Kuçkartayev’in Türkiye’deki bilimsel mirası/ (Record no. 15634)

MARC details
000 -BAŞLIK
Sabit Uzunlukta Kontrol Alanı 01107nam a22002657a 4500
999 ## - SİSTEM KONTROL NUMARALARI (KOHA)
Koha Biblionumber 15634
Koha Biblioitemnumber 15634
003 - KONTROL NUMARASI IDENTIFIER
Denetim Alanı MIRAKIL
005 - SON İŞLEM TARİHİ VE ZAMANI
Denetim Alanı 20240313112721.0
008 - SABİT-BOY VERİ ELEMANLARI - GENEL BİLGİLER
Sabit Uzunlukta Kontrol Alanı 240313b tu ||||| |||| 00| 0 tur d
020 ## - ULUSLARARASI STANDART KİTAP NUMARASI
Uluslararası Standart Kitap Numarası 9789751635396
040 ## - KATALOGLAMA KAYNAK
Orijinal Kataloglama Ajansı TR-AnCHP
Metne Dönüştürmek Ajansı TR-AnCHP
041 ## - DİL KODU
Metin / Ses Parça Veya Ayrı Başlığın Dil Kodu tur
082 ## - DEWEY ONLU SINIFLANDIRMA NUMARASI
Sınıflandırma Numarası 920
Ürün Numarası D63 2018
245 10 - BAŞLIK TABLOSU
Başlık Doğumunun 80. yılı münasebetiyle Prof. Dr. İristay Kuçkartayev’in Türkiye’deki bilimsel mirası/
Sorumluluk Tablosu, Vb yayına hazırlayan : Aynur Öz Özcan
246 ## - UNVAN FORM VARYING
Başlık Doğru / Kısa Başlığı Doğumunun sekseninci yılı münasebetiyle Prof. Dr. İristay Kuçkartayev’in Türkiye’deki bilimsel mirası
250 ## - EDITION TABLOSU
Baskı Beyanı Birinci Baskı: Ankara, 2018 Ağustos
260 ## - YAYIN, DAĞITIM, VB
Yayın, Dağıtım, Vb Yeri Ankara:
Yayıncı, Dağıtıcı, Vs Adı Türk Dil Kurumu,
Yayın, Dağıtım, Vb Tarihi 2018.
300 ## - FİZİKSEL TANIM
Kapsam 308 sayfa :
Diğer Fiziksel Ayrıntıları resim, tablo ;
Boyutlar 24 cm.
490 0# - SERİSİ TABLOSU
Seri Beyanı Atatürk Kültür, Dil ve Tarih Yüksek Kurumu Türk Dil Kurumu yayınları ;
Hacim / Ardışık Tanımı 1262.
504 ## - KAYNAKÇA VB NOT
Kaynakça Vb Notu Kaynakça: sayfa 303.<br/>
600 #0 - KONU KATMA GİRİŞ - KURUMSAL ADI
9 (RLIN) 7745
Kişisel Ad Kuçkartayev, İristay
650 #0 - KONU KATMA GİRİŞ - TOPİKAL DÖNEM
9 (RLIN) 7746
Topikal Süreli Veya Coğrafi Ad Giriş Elemanı Dil bilimciler
650 #0 - KONU KATMA GİRİŞ - TOPİKAL DÖNEM
9 (RLIN) 967
Topikal Süreli Veya Coğrafi Ad Giriş Elemanı yaşam öyküsü
856 ## - ELEKTRONİK YER VE ERİŞİM
Kamu Notu Dijital Nüshası için Partimizin Kütüphane Sorumlusu ile iletişime geçiniz.
942 ## - EKLENDİ GİRİŞ ELEMANLARI (KOHA)
Sınıflandırma Veya Raf Düzeni Kaynak Dewey Decimal Classification
Koha Öğesi Türü Books
Holdings
Kalıcı Konum Mevcut Konum Edinme Tarihi Toplam Check-Out'Lar Tam Çağrı Numarası Barkod Tarih Son Görülme İtibaren Geçerli Fiyatlar Koha Öğesi Türü
CHP Kütüphanesi CHP Kütüphanesi 03/13/2024   920 D63 2018 21547 03/13/2024 03/13/2024 Books